Textes choisis (Record no. 141742)

MARC details
000 -LEADER
campo de control de longitud fija 00675nam a2200193 i 4500
001 - NÚMERO DE CONTROL
campo de control 141742
003 - IDENTIFICADOR DE NÚMERO DE CONTROL
campo de control ES-MaACL
005 - FECHA Y HORA DE LA ÚLTIMA TRANSACCIÓN
campo de control 20230906200346.0
007 - CAMPO FIJO DE DESCRIPCIÓN FÍSICA--INFORMACIÓN GENERAL
campo de control de longitud fija t|
008 - DATOS DE LONGITUD FIJA--INFORMACIÓN GENERAL
campo de control de longitud fija 070927s1908 fr ||||1| fre d
100 1# - ENTRADA PRINCIPAL--NOMBRE DE PERSONA
Nombre de persona Leonardo da Vinci,
Fechas asociadas al nombre 1452-1519
9 (RLIN) 71671
245 10 - MENCIÓN DEL TÍTULO
Título Textes choisis
Resto del título : pensées, théories, precéptes, fables et facéties /
Mención de responsabilidad, etc. Leonard de Vinci ; traduits... avec une introduction par Péladan.
260 ## - PUBLICACIÓN, DISTRIBUCIÓN, ETC.
Lugar de publicación, distribución, etc. Paris :
Nombre del editor, distribuidor, etc. Mayenne, Ch. Colin,
Fecha de publicación, distribución, etc. 1908.
300 ## - DESCRIPCIÓN FÍSICA
Extensión 384 p. :
Otras características físicas il. ;
Dimensiones 19 cm.
500 ## - NOTA GENERAL
Nota general La lám. es el autorretrato de Leonardo.
700 1# - ENTRADA AGREGADA--NOMBRE PERSONAL
Nombre de persona Péladan, Joséphin.
9 (RLIN) 90015
852 ## - LOCALIZACIÓN
Ubicación ES-MaACL
Número de control de estantería F-11387
Holdings
Estatus retirado Estado de pérdida Estado de daño No para préstamo Biblioteca de origen Biblioteca actual Ubicación en estantería Fecha de adquisición Fuente de adquisición Total de préstamos Signatura topográfica completa Código de barras Visto por última vez Precio de reemplazo Tipo de ítem Koha
        Biblioteca del Ateneo de Madrid Biblioteca del Ateneo de Madrid Sala Pecera Planta 2 17/01/2008     F-11387 1147485 23/02/2023 23/02/2023 Libro impreso